Administrace systému LINUX : Podrobný průvodce začínajícího administrátora

Na minha lista:
Detalhes bibliográficos
Main Authors: Graham, Steven (Author), Shah, Steve (Author)
Formato: Livro
Idioma:tcheco
Publicado em: Praha : Grada, 2003
Edição:2.vyd.
Tags: Adicionar Tag
Sem tags, seja o primeiro a adicionar uma tag!

MARC

LEADER 00000nam a22000003a 4500
001 stu96034
005 20150617225813.0
008 051012s2003----xr------------------cze-d
020 |a 80-247-0641-5 
040 |a STU  |b slo 
041 0 |a cze 
044 |a xr 
080 |a 004.25 
100 1 |a Graham, Steven  |4 aut 
245 1 |a Administrace systému LINUX :  |b Podrobný průvodce začínajícího administrátora 
250 |a 2.vyd. 
260 |a Praha :  |b Grada,  |c 2003 
300 |a 550 s.;tab.,schémy 
500 |a prel. z angl.orig. 
700 1 |a Shah, Steve  |4 aut 
996 |c V*48915/O-21549  |l VV23  |s P  |a 0  |w stu96034_0001